| 000 | 00555nam a2200217Ia 4500 | ||
|---|---|---|---|
| 003 | LK-CoDNM | ||
| 005 | 20240726133020.0 | ||
| 008 | 010623t1938 xxu||||| |||| 00| 1 eng d | ||
| 040 |
_aLK-CoDNM _dLK-CoDNM _eLK-CoDNM |
||
| 041 | _aeng | ||
| 080 |
_a14 _bDD29 |
||
| 100 | _aRowland,Benjamin. | ||
| 245 | _aThe Wall-Paintings of India Central Asia and Ceylon | ||
| 260 |
_bMerrymount Press _aBoston _c1938 |
||
| 300 | _bxiii, 94p,3O ILL ; 35 cm | ||
| 650 | _aAjanta | ||
| 650 | _aBamiyan | ||
| 650 | _aIndian Art | ||
| 650 | _aMiraan | ||
| 942 | _cBK | ||
| 999 |
_c98885 _d98885 |
||